000 00437nam a22001697a 4500
003 SGT
020 _a9789383864225
082 _a615.53
_bM16D
100 _aDHIMAN, K.S.
245 _aMEDICO-BOTANY OF ANDAMAN & NICOBAR ISLANDS: RECENT STUDAY
250 _a1ST
260 _aNEW DELHI
_bCCRAS
_c2016
300 _a282
650 _aAYURVEDA
653 _aMEDICO, BOTANY ANDAMAN, NICOBAR, ISLANDS ,RECENT, STUDAY
942 _2ddc
_cBK
999 _c34700
_d34700